Score 0/24 Timer 04:00
0 Plays Today
Hint Answer % Correct
Cedar
94.9%
Dwarfs
94.2%
Erasers
92.3%
Referee
91.5%
Desert
90.9%
Target
90.4%
Avatar
90.2%
Grease
89.8%
Sweater
89.8%
Graves
88.3%
Cassette
85.3%
Crater
84.6%
Hint Answer % Correct
Awards
83.3%
Gadget
81.5%
Graters
79.2%
Tweezers
73.4%
Seaweed
72.3%
Ferret
59.7%
Federer
59.3%
Stewardesses
55.5%
Dexter
53.5%
Caesar
52.4%
Fester
52.3%
Streetcar
36%

You're not logged in!

Compare scores with friends on all Sporcle quizzes.
OR
Log In

Sporcle TV

Today on Sporcle TV


Watch our educational content, quiz creation guides, and fun videos on Sporcle TV.

Show Comments

Extras

Top Quizzes Today


Score Distribution

Paid Content

Your Account Isn't Verified!

In order to create a playlist on Sporcle, you need to verify the email address you used during registration. Go to your Sporcle Settings to finish the process.

Report this User

Report this user for behavior that violates our Community Guidelines.

Details: